00369nam a2200109Ia 4500008004100000082000800041100001200049245007900061942000600140952009800146999001500244240331s9999 xx 000 0 und d bWEI aWeiss,G 4aThe Cage :bThe Fight for Sri Lanka and the Last Days of the Tamil Tigers  cL 001040708LaWERCLbWERCLcSSCd2024-03-31l0o 322.42 WEIp6662r2024-03-31w2024-03-31yL c5761d5761